Villes les plus touristiques au monde. - Statistiques

Statistiques générales
  • Ce quiz a été pris 86 fois
  • Le résultat moyen est 7 sur 10
Statistiques - réponses
Réponse % Correct
Paris
99%
New-York
93%
Rome
84%
Tokyo
83%
Barcelone
79%
Madrid
77%
Milan
55%
Amsterdam
41%
Seoul
40%
Singapour
28%
Aucun quiz correspondant
Distribution des résultats
% des personnes avec chaque résultat
Percentile par nombre de réponses
Votre historique - résultats
Vous n’avez pas pris ce quiz